000 00627nam a2200217 a 4500
999 _c1309
_d1309
008 191218t2010 ii a|||g |||| 001 0 eng d
020 _a9788132104698
_cRs. 495.00
040 _aKO
_beng
041 0 _aeng
044 _aii
082 0 4 _223
_a330.015195
_bH283
100 1 _aHatekar, Neeraj R.
245 1 0 _aPrinciples of Econometrics :
_ban introduction (using R) /
_cNeeraj R. Hatekar
260 _aNew Delhi :
_bSAGE Publications India Pvt Ltd.,
_c2010.
300 _axxii, 438 p. :
_bill. ;
_c22 cm
504 _aIncludes Index.
650 0 _aEconometrics
_vTextbooks
904 _aA_BOSE
942 _cBK